| 000 | 00421nam a2200157Ia 4500 | ||
|---|---|---|---|
| 008 | 151213s9999 xx 000 0 und d | ||
| 100 | _aEd.Fred Maidment | ||
| 245 |
_aInternational Business 1997-98 _cEd.Fred Maidment |
||
| 250 | _a6th | ||
| 260 |
_aShice Dock Connectical _bDuslen Publication _c1996 |
||
| 300 | _a2816 p. | ||
| 650 | _aBusiness | ||
| 650 | _aBusiness | ||
| 700 | _aEd.Fred Maidment | ||
| 999 |
_c1926 _d1926 |
||